000 00344nam a2200145Ia 4500
008 230711s9999||||xx |||||||||||||| ||und||
041 _aENG
082 _a621
_bJA-E
100 _aJain,RK
245 0 _aEngineering metrology
250 _a13th
260 _c1991
_aNew Delhi
_bKhanna Publishers
650 _aMechanical Engineering
942 _cBK
999 _c1065
_d1065